000 01690cam0 2200397 ib4500
001 BY-BR0002-br2025399139
005 20260319113523.0
010 ^a978-5-9930-1918-5
^d5,63р.
035 ^a(BY-MI0004)BY-MI0004-br52471
100 ^a20250630d2015 b y0rusy50 ca
101 0 ^arus
102 ^aRU
105 ^aa z 000oy
109 ^ama
200 1 ^aАленький цветочек
^eсказка ключницы Пелагеи
^e[для чтения взрослыми детям]
^fС. Аксаков
^gхудожник — А. Дудин
210 ^aМосква
^cАлтей и К°
^cАлтей-Бук
^d2015
215 ^a62, [2] с.
^cцв. ил.
^d24 см
225 1 ^aСерия "Коллекция любимых сказок"
333 ^a0+
345 ^945000 экз.
606 ^aРУССКАЯ ЛИТЕРАТУРА
^3BY-NLB-ar28702
^2DVNLB
608 ^aДЕТСКАЯ И ЮНОШЕСКАЯ ЛИТЕРАТУРА (художеств. произведение)
^3BY-NLB-ar9019
^2BYGNR
608 ^aЛИТЕРАТУРНАЯ СКАЗКА
^3BY-NLB-ar16440
^2BYGNR
608 ^aСКАЗКА
^3BY-NLB-ar30342
^2BYGNR
610 0 ^aРусская литература - 19 в.
686 ^a84(2Рос)1-45
^2rubbk
690 ^a1
^2Base
^9BY-MI0011
^xRSEK
700 1 ^aАксаков
^bС. Т.
^gСергей Тимофеевич
^cписатель
^f1791—1859
^3BY-NLB-ar96297
702 1 ^aДудин
^bА.
^4040
801 0 ^aBY
^bBY-BR0002
^c20250630
^gRCR
801 2 ^aBY
^bBY-MI0011
^c20251002
^gRCR
035 ^a(BY-MI0011)BY-BR0002-br2025399139
899 0 ^aBY-MI0011
^iА41
^h84(2Рос)1